| 000 | 00613nam a2200229Ia 4500 | ||
|---|---|---|---|
| 003 | OSt | ||
| 005 | 20221007063911.0 | ||
| 006 | a|||||r|||| 00| 0 | ||
| 007 | ta | ||
| 008 | 221006b |||||||| |||| 00| 0 eng d | ||
| 024 | _a28,682 | ||
| 037 | _cTextual | ||
| 040 |
_aFLL _cFLL _beng |
||
| 041 |
_2eng _aeng |
||
| 082 | _aZQ7:922, G8 | ||
| 100 | _aAli Hamid | ||
| 245 | 0 | _aCustom and law in Anglo-Muslim jurisprudence | |
| 260 |
_aCalcutta _bThacker, Spink & Co. Ltd. India _c1938 |
||
| 300 |
_axxiv,127p _ccm. |
||
| 942 |
_hZQ7:922, G8 _cTEXL _2CC |
||
| 999 |
_c1132503 _d1132503 |
||